00364 2200157 4500245004300000020002200043250001100065100001900076650001600095005001900111260003000130041001400160084000800174300001500182336000900197 aDear , Cinta ...cMursal FahrezihText a978-602-255-121-8 aCet. 1 aMursal Fahrezi aNovel Fiksi a20230110095702 aYogyakartabPing!!!c2013 aIndonesia a813 a168 hlm. : atext